000 00214 a2200097 4500
001 36698
100 _aCaffary Brain
245 _aSpectrum guide to Pakistan
260 _aKenya
_bCamera
_c
090 _c23744
_d23744
942 _aNUST-CAE
_cM
_c15274
999 _c271771
_d271771